Parcs naturels nationaux et régionaux en France (avec indices) - Statistiques

Statistiques générales
  • Ce quiz a été pris 38 fois
    9 depuis la dernière actualisation
  • Le résultat moyen est 35 sur 70
Statistiques - réponses
Région Réponse % Correct
DROM Guadeloupe
100%
DROM Guyane
100%
DROM Guyane
100%
Provence-Alpes-Côte-d'Azur Mercantour
100%
Nouvelle-Aquitaine / Occitanie Pyrénées
100%
Bourgogne-Franche-Comté / Grand-Est Forêts
89%
DROM Martinique
89%
Provence-Alpes-Côte-d'Azur Calanques
78%
Corse Corse
78%
Bretagne Armorique
67%
Auvergne-Rhône-Alpes / Provence-Alpes-Côte-d'Azur Écrins
67%
Nouvelle-Aquitaine Landes de Gascogne
67%
Bourgogne-Franche-Comté Morvan
67%
Provence-Alpes-Côte-d'Azur Port-Cros
67%
DROM Réunion
67%
Auvergne-Rhône-Alpes Vanoise
67%
Île-de-France Vexin français
67%
Bourgogne-Franche-Comté / Grand-Est Ballons des Vosges
56%
Centre-Val-de-Loire Brenne
56%
Pays-de-la-Loire Brière
56%
Occitanie Causses du Quercy
56%
Auvergne-Rhône-Alpes / Occitanie Cévennes
56%
Auvergne-Rhône-Alpes Chartreuse
56%
Grand-Est Forêt d'Orient
56%
Bretagne Golfe du Morbihan
56%
Occitanie Grands Causses
56%
Auvergne-Rhône-Alpes Livradois-Forez
56%
Grand-Est Lorraine
56%
Nouvelle-Aquitaine / Pays-de-la-Loire Marais poitevin
56%
Auvergne-Rhône-Alpes Pilat
56%
Auvergne-Rhône-Alpes Vercors
56%
Provence-Alpes-Côte-d'Azur Alpilles
44%
Auvergne-Rhône-Alpes / Occitanie Aubrac
44%
Hauts-de-France Avesnois
44%
Provence-Alpes-Côte-d'Azur Camargue
44%
Bourgogne-Franche-Comté Doubs-Horloger
44%
Île-de-France Gâtinais français
44%
Île-de-France Haute Vallée de Chevreuse
44%
Bourgogne-Franche-Comté Haut-Jura
44%
Centre-Val-de-Loire / Pays-de-la-Loire Loire-Anjou-Touraine
44%
Provence-Alpes-Côte-d'Azur Luberon
44%
Nouvelle-Aquitaine Médoc
44%
Nouvelle-Aquitaine Millevaches en Limousin
44%
Hauts-de-France / Île-de-France Oise - Pays de France
44%
Centre-Val-de-Loire / Normandie Perche
44%
Occitanie Pyrénées Ariégeoises
44%
Occitanie Pyrénées catalanes
44%
Provence-Alpes-Côte-d'Azur Queyras
44%
Auvergne-Rhône-Alpes Volcans d'Auvergne
44%
Grand-Est Vosges du Nord
44%
Grand-Est Ardennes
33%
Normandie Boucles de la Seine normande
33%
Normandie Marais du Cotentin et du Bessin
33%
Auvergne-Rhône-Alpes Massif des Bauges
33%
Grand-Est Montagne de Reims
33%
Provence-Alpes-Côte-d'Azur Mont-Ventoux
33%
Occitanie Narbonnaise en Méditerranée
33%
Normandie / Pays-de-la-Loire Normandie-Maine
33%
Provence-Alpes-Côte-d'Azur Préalpes d'Azur
33%
Provence-Alpes-Côte-d'Azur Sainte-Baume
33%
Provence-Alpes-Côte-d'Azur Verdon
33%
Auvergne-Rhône-Alpes / Provence-Alpes-Côte-d'Azur Baronnies provençales
22%
Hauts-de-France Caps et Marais d'Opale
22%
Occitanie Haut-Languedoc
22%
Auvergne-Rhône-Alpes Monts d'Ardèche
22%
Nouvelle-Aquitaine Périgord-Limousin
22%
Hauts-de-France Scarpe-Escaut
22%
Occitanie Corbières-Fenouillèdes
11%
Hauts-de-France Baie de Somme Picardie Maritime
0%
Bretagne Vallée de la Rance - Côte d'Émeraude
0%
Aucun quiz correspondant
Distribution des résultats
% des personnes avec chaque résultat
Percentile par nombre de réponses
Votre historique - résultats
Vous n’avez pas pris ce quiz depuis la dernière actualisation